| 000 | 00420nam a22001577a 4500 | ||
|---|---|---|---|
| 005 | 20260309115401.0 | ||
| 008 | 260309b |||||||| |||| 00| 0 eng d | ||
| 100 | _aSINGH SHAMBHS DAYAL | ||
| 245 | _aJUDGEMENTS AND HOW WRITE THEM | ||
| 250 | _a4th ed. | ||
| 260 |
_aNEW DELHI _bEASTERN BOOK COMPANY _c2005 |
||
| 300 | _aXXXII,183P. | ||
| 500 | _aINCLUDES AN INDEX | ||
| 650 | _aJUDGEMENT IN INDIA | ||
| 942 |
_2lcc _cBK |
||
| 999 |
_c216813 _d216813 |
||